| 000 | 00678nam a2200217 i 4500 | ||
|---|---|---|---|
| 001 | 186130 | ||
| 003 | ES-MaACL | ||
| 005 | 20250909204129.0 | ||
| 008 | 160912s1983 ag d |||| | spa d | ||
| 080 | _a37.091.322.7 | ||
| 100 | 1 |
_aAntognazza, Emilio Jorge. _9160797 |
|
| 245 | 1 | 3 |
_aEl placer de estudiar / _cEmilio Jorge Antognazza. |
| 250 | _aLibro de ed. argentina. | ||
| 260 |
_aBuenos Aires : _bIPPEM, _c[1983] |
||
| 300 |
_a212 p. : _bgráf. ; _c22 cm. |
||
| 504 | _aBibliografía: p. 201-204. | ||
| 650 | 0 | 4 |
_aEstudio- _xMétodos _912576 |
| 852 |
_aES-MaACL _jA-13804 _9193182 _bR.151115 _cDEPO1 _dOlim: N-6804 |
||
| 942 |
_2udc _cMONOGRAFIA |
||
| 999 |
_c186130 _d186130 |
||